000
00182 a2200085 4500
041
_a
spa
100
_a
Rosario Aguilar
245
_a
La nią blanca y los pj̀aros sin pies
942
_c
BK
999
_c
28889
_d
28889